| 000 | 00536nam a2200193Ia 4500 | ||
|---|---|---|---|
| 003 | GCL | ||
| 008 | 140319s9999 xx 000 0 eng d | ||
| 040 |
_aGCL / _cGCL |
||
| 082 | 0 | 4 |
_a796.07 _bH I |
| 100 | 1 | _aHARRISON,JOYCE M | |
| 245 | 1 | 0 |
_aINSTRUCTIONAL STRATEGIES FOR SECONDARY SCHOOL PHYSICAL EDUCATION / _cHARRISON,JOYCE M |
| 700 | 1 | _aBLAKEMOR, CONNIEL | |
| 700 | 1 | _aBUCK,MARILYN M | |
| 260 |
_a[S.N] : _bBROWN & BENCHMARK ، _c1996 |
||
| 300 | _a582 | ||
| 650 | 0 | 4 | _aPHYSICAL EDUCATION |
| 650 | 0 | 4 | _aSPORTS |
| 942 |
_2ddc _cBK |
||
| 999 |
_c11859 _d11859 |
||